Essays on Second Economy Markets:1.) A Ruble is a Ruble, Or Is It? 2.) Goods Diversion and Repressed Inflation: Notes on the Political Economy of Price Liberalization 3.) Private Car Ownership and Second Economy Activity (Record no. 1393)

MARC details
000 -LEADER
fixed length control field 00755nam a22002177i 4500
001 - CONTROL NUMBER
control field 1407
003 - CONTROL NUMBER IDENTIFIER
control field OSt
005 - DATE AND TIME OF LATEST TRANSACTION
control field 20170126082254.0
007 - PHYSICAL DESCRIPTION FIXED FIELD--GENERAL INFORMATION
fixed length control field tu
008 - FIXED-LENGTH DATA ELEMENTS--GENERAL INFORMATION
fixed length control field 161220s1993 xxu||||| |||| 00| 0 d
024 7# - OTHER STANDARD IDENTIFIER
Standard number or code 1406
Source of number or code RID
040 ## - CATALOGING SOURCE
Transcribing agency OSt
084 ## - OTHER CLASSIFICATION NUMBER
Classification number 9.24
-- 13.4
-- 13.3
-- 15.524
-- 8.24
Number source z
100 1# - MAIN ENTRY--PERSONAL NAME
Personal name Alexeev, Michael V.
245 00 - TITLE STATEMENT
Title Essays on Second Economy Markets:1.) A Ruble is a Ruble, Or Is It? 2.) Goods Diversion and Repressed Inflation: Notes on the Political Economy of Price Liberalization 3.) Private Car Ownership and Second Economy Activity
260 ## - PUBLICATION, DISTRIBUTION, ETC.
Place of publication, distribution, etc. Durham :
Name of publisher, distributor, etc. WEFA Group,
Date of publication, distribution, etc. 1993.
300 ## - PHYSICAL DESCRIPTION
Extent 53 S. ;
Dimensions 30cm.
490 ## - SERIES STATEMENT
Series statement Berkeley-Duke Occasional Papers on the Second Economy
Volume/sequential designation 37
700 1# - ADDED ENTRY--PERSONAL NAME
Personal name Leitzel, Jim
700 1# - ADDED ENTRY--PERSONAL NAME
Personal name Pyle, William
942 ## - ADDED ENTRY ELEMENTS (KOHA)
Koha item type Book
Holdings
Withdrawn status Lost status Damaged status Not for loan Home library Current library Shelving location Date acquired Inventory number Total Checkouts Full call number Barcode Date last seen Price effective from Koha item type
        WIIW WIIW Souterrain 02/14/1994 1407   II-4.280/37 301405 01/26/2017 01/26/2017 Book
The Vienna Instiute for International Economic Studies (wiiw)